[Event "Nouakchott op 4th"]
[Site "Nouakchott"]
[Date "2012.10.20"]
[Round "6"]
[White "Abdallahi, Med Mahmoud"]
[Black "Kreiked, Aly Moctar"]
[Result "0-1"]
[WhiteElo "1779"]
[BlackElo "1833"]
[PlyCount "38"]
[EventDate "2012.10.18"]
[EventType "swiss"]
[EventRounds "7"]
[EventCountry "MAU"]
[SourceTitle "EXT 2014"]
[Source "ChessBase"]
[SourceDate "2013.11.20"]
[SourceVersion "1"]
[SourceVersionDate "2013.11.20"]
[SourceQuality "1"]

1. e4 e5 2. Nc3 Nf6 3. Nf3 Nc6 4. Bc4 Bc5 5. h3 d6 6. d3 h6 7. a3 a6 8. Qe2 Nd4 9. Nxd4 exd4 10. Nd5 c6 11. Nxf6+ Qxf6 12. Bd2 0-0 13. 0-0 Be6 14. f4 Bxc4 15. dxc4 d3+ 16. Qe3 Bxe3+ 17. Bxe3 dxc2 18. Ra2 Rad8 19. Bd2 Qd4+ 0-1

[Event "Nouakchott op 3rd"]
[Site "Nouakchott"]
[Date "2012.09.29"]
[Round "7"]
[White "Oubeid, Beder"]
[Black "Abdallahi, Med Mahmoud"]
[Result "1-0"]
[WhiteElo "1797"]
[BlackElo "1779"]
[PlyCount "111"]
[EventDate "2012.09.27"]
[EventType "swiss"]
[EventRounds "7"]
[EventCountry "MAU"]
[SourceTitle "EXT 2014"]
[Source "ChessBase"]
[SourceDate "2013.11.20"]
[SourceVersion "1"]
[SourceVersionDate "2013.11.20"]
[SourceQuality "1"]

1. Nf3 c5 2. e4 Nc6 3. d4 cxd4 4. Nxd4 e5 5. Nb5 d6 6. N1c3 a6 7. Na3 Nf6 8. Be3 Be7 9. Nd5 Nxd5 10. exd5 Nb8 11. c4 Nd7 12. Qd2 f5 13. f3 0-0 14. Be2 b6 15. 0-0 f4 16. Bf2 Rf6 17. Bd3 Rh6 18. Bf5 Nc5 19. Bxc8 Rxc8 20. b4 Nd7 21. Qe2 Bh4 22. Rac1 Bxf2+ 23. Qxf2 Rg6 24. Nb1 h5 25. Nd2 Nf6 26. Rfe1 Rg5 27. Kh1 Kh7 28. g3 fxg3 29. hxg3 Qd7 30. Qh2 Qf5 31. Qg2 Kg6 32. Ne4 Nxe4 33. Rxe4 Rf8 34. Rc3 Rf6 35. Rce3 Kh7 36. Kh2 Rfg6 37. Rh4 Kg8 38. Rhe4 Qd7 39. c5 bxc5 40. bxc5 dxc5 41. Rxe5 Rxe5 42. Rxe5 Qf7 43. Qe2 Qc7 44. f4 c4 45. Rxh5 Rf6 46. Qe8+ Rf8 47. Qg6 Rf6 48. Qe8+ Rf8 49. Qe6+ Rf7 50. Rf5 c3 51. Qe8+ Kh7 52. Rxf7 Qc5 53. Qe5 Qf2+ 54. Kh3 Qf1+ 55. Kg4 Qd1+ 56. Kg5 1-0